| 000 | 00543nam a2200169 i 4500 | ||
|---|---|---|---|
| 001 | 51063 | ||
| 003 | ES-MaACL | ||
| 005 | 20230906162305.0 | ||
| 007 | t| | ||
| 008 | 030808s1969 sp ||||1| spa d | ||
| 100 | 1 |
_aCuskelly, E. J. _942268 |
|
| 245 | 1 | 3 |
_aUn corazón para conocerte _b: guía práctica de la vida espiritual / _cpor E.J. Cuskelly ; [traducción de Carlos E. Pérez]. |
| 260 |
_aSantander : _bSal Terrae, _c[1969] |
||
| 300 |
_a299 p. ; _c22 cm. |
||
| 700 | 1 |
_aPérez, Carlos E. _990563 |
|
| 852 |
_aES-MaACL _jC-48482 _bR.69334 |
||
| 999 |
_c51063 _d51063 |
||